000 00273nam a2200109Ia 4500
005 20251222154329.0
008 251222s9999||||xx |||||||||||||| ||spa||
082 _a869.26/G63
100 _a"Gómez de la Serna, Ramón"
245 0 _aEl caballero del hongo gris
942 _cLIB
999 _c34089
_d34089